000 00756nam a2200217 a 4500
001 63306
003 BD-RjUL
005 20211209081159.0
008 170129s1973 bg ||||| |||| 00| 0 ben d
035 _a(BD-RjUL)63435
040 _aBD-RjUL
_bben
_cBD-RjUL
_dBD-RjUL
041 _aben
082 _223
_a322.1
_bDHA 1973
245 0 0 _aধর্ম নিরপেক্ষতা /
_cআলী আনোয়ার সম্পাদিত
260 _aঢাকা :
_bবাংলা একাডেমী
_c১৯৭৩
300 _a১৬৬ পৃ. ;
_c২৩ সেমি.
650 _aধর্ম নিরপেক্ষতা
_9188398
650 _aSecularism
_9188399
700 _aআনোয়ার, আলী
_9188400
942 _2ddc
_cBK
999 _c63306
_d63306